Monitoring the lease code: the interim report (Record no. 117362)
[ view plain ]
| 000 -LEADER | |
|---|---|
| fixed length control field | 01241cam a2200229 4500 |
| 001 - CONTROL NUMBER | |
| control field | X126219 |
| 008 - FIXED-LENGTH DATA ELEMENTS--GENERAL INFORMATION | |
| fixed length control field | 040518n2004 000 0 eng u |
| 035 ## - SYSTEM CONTROL NUMBER | |
| System control number | (Sirsi) u126219 |
| 100 ## - MAIN ENTRY--PERSONAL NAME | |
| Personal name | Crosby, N. |
| 245 ## - TITLE STATEMENT | |
| Title | Monitoring the lease code: the interim report |
| 260 ## - PUBLICATION, DISTRIBUTION, ETC. | |
| Date of publication, distribution, etc. | 2004 |
| 490 ## - SERIES STATEMENT | |
| Series statement | Estates Gazette |
| Volume/sequential designation | (0418) 1 May 2004, 93-94(2) |
| 520 ## - SUMMARY, ETC. | |
| Summary, etc. | Examines the interim report monitoring the effects of the "Code of practice for commercial leasesEngland and Wales". The report provides a provisional view of whether lease structures are becoming more flexible, the extent to which tenants are being offered a choice of alternative terms, measures the awareness of property matters of small business tenants and whether or not the Code is impacting on the market. The final report is due in December 2004. " Monitoring the operation of the 2002 code of practice for commercial leases - interim report" is available at www.rdg.ac.uk/crer or www.DCLG.gov.uk. |
| 590 ## - LOCAL NOTE (RLIN) | |
| Local note | KA |
| 650 ## - SUBJECT ADDED ENTRY--TOPICAL TERM | |
| Topical term or geographic name entry element | CODE FOR LEASING BUSINESS PREMISES IN ENGLAND AND WALES |
| 650 ## - SUBJECT ADDED ENTRY--TOPICAL TERM | |
| Topical term or geographic name entry element | LEASE STRUCTURES |
| 650 ## - SUBJECT ADDED ENTRY--TOPICAL TERM | |
| Topical term or geographic name entry element | FLEXIBLE LEASES |
| 650 ## - SUBJECT ADDED ENTRY--TOPICAL TERM | |
| Topical term or geographic name entry element | INTERIM REPORTS |
| 650 ## - SUBJECT ADDED ENTRY--TOPICAL TERM | |
| Topical term or geographic name entry element | SURVEY |
| 690 ## - LOCAL SUBJECT ADDED ENTRY--TOPICAL TERM (OCLC, RLIN) | |
| Topical term or geographic name as entry element | LANDLORD AND TENANT-BUSINESS TENANCIES |
| 942 ## - ADDED ENTRY ELEMENTS (KOHA) | |
| Suppress in OPAC | 0 |
| Withdrawn status | Lost status | Source of classification or shelving scheme | Damaged status | Not for loan | Home library | Current library | Shelving location | Date acquired | Total Checkouts | Full call number | Barcode | Date last seen | Copy number | Price effective from | Koha item type |
|---|---|---|---|---|---|---|---|---|---|---|---|---|---|---|---|
| Dewey Decimal Classification | London | London | Journal article | 18/05/2004 | X126219 | 126219-1001 | 06/08/2019 | 1 | 06/08/2019 | Journal article |